Online
Catalog

Robinson Crusoe,. (Record no. 18444)

MARC details
000 -CABECERA
campo de control de longitud fija 00551cam a2200181u 4500
001 - NÚMERO DE CONTROL
campo de control 000018926
005 - FECHA Y HORA DE LA ÚLTIMA TRANSACCIÓN
campo de control 20200929165902.0
008 - DATOS DE LONGITUD FIJA--INFORMACIÓN GENERAL
campo de control de longitud fija 830302s1952 nyua j 000 0 eng
010 ## - NÚMERO DE CONTROL DE LA BIBLIOTECA DEL CONGRESO
Número de control de LC 52007222
040 ## - FUENTE DE LA CATALOGACIÓN
Centro catalogador/agencia de origen DO-SdBNP
Centro/agencia transcriptor CarP
Centro/agencia modificador DLC
050 00 - SIGNATURA TOPOGRÁFICA DE LA BIBLIOTECA DEL CONGRESO
Número de clasificación PZ7.D36
Número de documento/Ítem Ro28
100 1# - ENTRADA PRINCIPAL--NOMBRE DE PERSONA
Nombre de persona Defoe, Daniel,
Fechas asociadas al nombre 1661?-1731.
9 (RLIN) 40733
245 10 - MENCIÓN DE TÍTULO
Título Robinson Crusoe,.
260 ## - PUBLICACIÓN, DISTRIBUCIÓN, ETC.
Lugar de publicación, distribución, etc. New York, :
Nombre del editor, distribuidor, etc. Random House,
Fecha de publicación, distribución, etc. c1952.
300 ## - DESCRIPCIÓN FÍSICA
Extensión unpaged. illus. 29 cm.
650 #0 - PUNTO DE ACCESO ADICIONAL DE MATERIA--TÉRMINO DE MATERIA
Término de materia o nombre geográfico como elemento de entrada Crusoe, robinson (fictitious character)
Subdivisión de forma Juvenile fiction.
9 (RLIN) 40734
910 ## - DATOS DE OPCIÓN DEL USUARIO (OCLC)
Datos de opción del usuario Catalogación derivada / LC
Holdings
Estado de retiro Estado de pérdida Restricciones de uso No para préstamo Código de colección Localización permanente Ubicación/localización actual Ubicación en estantería Fecha de adquisición Número de inventario Total de préstamos Signatura topográfica completa Código de barras Fecha visto por última vez Precio válido a partir de Tipo de ítem Koha
      Excluido de préstamo Monografías: Libros y Folletos General General Depósito 20.05.2010 LF1   18926-10 25.06.2020 25.06.2020 No se presta

Powered by Koha